Laureaci nagród na gali Złotej Piłki 2024 - Statystyki

Ogólne statystyki
  • Ten quiz został rozwiązany 520 razy
  • Średni wynik to 6 z 11
Statystyki odpowiedzi
Nagroda Odpowiedź % Poprawnych
Najlepszy piłkarz Rodri
96%
Najlepsza drużyna męska Real Madryt
84%
Najlepszy młody piłkarz Lamine Yamal
80%
Najlepsza drużyna kobieca FC Barcelona
78%
Najlepszy trener Carlo Ancelotti
69%
Kylian Mbappe
63%
Najlepsza piłkarka Aitana Bonmati
62%
Najlepszy bramkarz Emiliano Martinez
50%
Najlepszy strzelec Harry Kane
46%
Najlepsza trenerka Emma Hayes
1%
Nagroda za zaangażowanie społeczne i charytatywne Jennifer Hermoso
1%
Nie znaleziono quizów pasujących do podanych kryteriów
Rozkład punktacji
Procent ludzi z każdym wynikiem
Percentyl według liczby udzielonych odpowiedzi
Twoja historia wyników
Nie rozwiązałeś tego quizu